Catálogo
 En Linea

Educación moral y cívica / (Registro nro. 52218)

Detalles MARC
000 -CABECERA
campo de control de longitud fija 01835nam a2200301 i 4500
003 - IDENTIFICADOR DEL NÚMERO DE CONTROL
campo de control DO-SdBNP
005 - FECHA Y HORA DE LA ÚLTIMA TRANSACCIÓN
campo de control 20240808111452.0
006 - CÓDIGOS DE INFORMACIÓN DE LONGITUD FIJA--CARACTERÍSTICAS DEL MATERIAL ADICIONAL
campo de control de longitud fija a||||br|||| 00| 0
007 - CAMPO FIJO DE DESCRIPCIÓN FÍSICA--INFORMACIÓN GENERAL
campo de control de longitud fija ta
008 - DATOS DE LONGITUD FIJA--INFORMACIÓN GENERAL
campo de control de longitud fija 220722e1983 dr a|||gr|||| 001 0 spa d
040 ## - FUENTE DE LA CATALOGACIÓN
Centro catalogador/agencia de origen DO-SdBNP
Lengua de catalogación spa
Centro/agencia transcriptor BNPHU
Normas de descripción rda
082 #4 - NÚMERO DE LA CLASIFICACIÓN DECIMAL DEWEY
Número de edición 22
Número de clasificación 370.114
Número de documento/Ítem A445e, 1984
100 1# - ENTRADA PRINCIPAL--NOMBRE DE PERSONA
9 (RLIN) 2511
Nombre de persona Almánzar, José Nicolás
Término indicativo de función/relación autor
245 10 - MENCIÓN DE TÍTULO
Título Educación moral y cívica /
Mención de responsabilidad, etc. José Nicolás Almánzar.
250 ## - MENCIÓN DE EDICIÓN
Mención de edición 7a edición
264 #1 - PRODUCCIÓN, PUBLICACIÓN, DISTRIBUCIÓN, FABRICACIÓN Y COPYRIGHT
Producción, publicación, distribución, fabricación y copyright Santo Domingo :
Nombre del de productor, editor, distribuidor, fabricante Colegial Quisqueyana,
Fecha de producción, publicación, distribución, fabricación o copyright 1984
300 ## - DESCRIPCIÓN FÍSICA
Extensión 200 páginas :
Otras características físicas ilustraciones ;
Dimensiones 27 cm.
336 ## - TIPO DE CONTENIDO
Fuente rdacontent
Término de tipo de contenido texto
Código de tipo de contenido txt
337 ## - TIPO DE MEDIO
Fuente rdamedia
Nombre/término del tipo de medio sin mediacion
Código del tipo de medio n
338 ## - TIPO DE SOPORTE
Fuente rdacarrier
Nombre/término del tipo de soporte volumen
Código del tipo de soporte nc
500 ## - NOTA GENERAL
Nota general Declarado como libro de texto por el Consejo Nacional de Educación mediante Resolución no. 175 en mayo de 1975.
505 ## - NOTA DE CONTENIDO CON FORMATO
Nota de contenido con formato Dedicatoria --
Título Nuestra intención --
-- Unidad 1. La sociedad --
-- Unidade 2. Derechos y deberes ciudadanos --
-- Unidad 3. Regimen municipal, provincial y nacional --
-- Unidad 4. Moral y religión --
-- Unidad 5. Gobierno y soberanía --
-- Unidad 6. El poder --
-- Unidad 7. El poder legislativo --
-- Unidad 8. El poder judicial --
-- Unidad 9. Sistemas penitenciarios --
-- Unidad 10. La constitución del estado --
-- Unidad 11. El poder electoral y el poder de la prensa --
-- Unidad 12. La administración pública --
-- Unidad 13. El trabajo --
-- Unidad 14. Organismos internacionales --
-- Unidad 15. Reformas Constitucionales --
-- Unidad 16. Elecciones generales de 1978 y Reformas Constitucionales de 1979 --
-- Unidad 17. Elecciones Generales de 1982
586 ## - NOTA DE PREMIOS
Nota de premios Premio Nacional de didáctica "Manuel de Jesús Peña y Reinoso", 1975
590 ## - NOTA LOCAL (RLIN)
Nota local Inventariado, 2024 / MF
650 #4 - PUNTO DE ACCESO ADICIONAL DE MATERIA--TÉRMINO DE MATERIA
Término de materia o nombre geográfico como elemento de entrada Educacion Moral
Subdivisión general Libro de texto
9 (RLIN) 86249
650 #4 - PUNTO DE ACCESO ADICIONAL DE MATERIA--TÉRMINO DE MATERIA
Término de materia o nombre geográfico como elemento de entrada Educación cívica
Subdivisión general Libros texto
9 (RLIN) 79154
942 ## - ELEMENTOS DE PUNTO DE ACCESO ADICIONAL (KOHA)
Fuente del sistema de clasificación o colocación Dewey Decimal Classification
Tipo de ítem Koha Libro
Existencias
Estado de retiro Estado de pérdida Fuente del sistema de clasificación o colocación Restricciones de uso No para préstamo Código de colección Localización permanente Ubicación/localización actual Ubicación en estantería Fecha de adquisición Fuente de adquisición Signatura topográfica completa Código de barras Fecha visto por última vez Precio válido a partir de Tipo de ítem Koha
    Dewey Decimal Classification Excluido de préstamo   Patrimonio Dominicano Biblioteca Nacional Pedro Henríquez Ureña Biblioteca Nacional Pedro Henríquez Ureña Depósito 22.07.2018 Donado por CERTV BNPHU PD 370.114 A445e, 1984 2022-3538 22.07.2022 22.07.2022 Libro

Con tecnología Koha